000
00298 a2200145 4500
001
160762
020
_a
040
_c
Magnum
100
_a
Tolstoi
240
1
0
_a
O patinho que pescou a lua
_l
por
245
1
0
_a
O patinho que pescou a lua
362
0
_a
1899
697
_a
I/FABULAS
942
_c
BK
999
_c
160762
_d
160762